Autobusová stanica

Enregistré dans:
Détails bibliographiques
Auteur principal: Hlubinová, Andrea (Auteur)
Autres auteurs: Vaník, Zsuzsanna (Directeur de thèse)
Format: Manuscrit Livre
Langue:slovaque
Publié: 2017
Sujets:
Accès en ligne:http://is.stuba.sk/zp/portal_zp.pl?podrobnosti=128917
https://opac.crzp.sk/?fn=detailBiblioForm&sid=CBCDB6E5622FB9C0D15D4D28BE80
Tags: Ajouter un tag
Pas de tags, Soyez le premier à ajouter un tag!

MARC

LEADER 00000ntm a22000003a 4500
001 stuzp63325
003 SK-STU
005 20230811113943.9
007 ta
008 150427s2015----xo-----f-mn---000-0-slo-d
040 |a STU  |b slo 
041 0 |a slo 
100 1 |a Hlubinová, Andrea  |u 010190  |4 aut  |U SvF Stavebná fakulta  |T SvF Katedra kovových a drevených konštrukcií  |X 42109  |U V190  |Y 21  |7 42109 
242 0 1 |a Bus station  |y eng 
245 1 0 |a Autobusová stanica 
260 |c 2017 
650 4 |a autobusová stanica  |2 slo 
650 4 |a oceľová konštrukcia  |2 slo 
650 4 |a analýza vetra  |2 slo 
650 4 |a bus station  |2 eng 
650 4 |a steel construction  |2 eng 
650 4 |a wind analysis  |2 eng 
700 1 |a Vaník, Zsuzsanna  |u 010190  |k Z1  |4 ths  |U SvF Stavebná fakulta  |T SvF Katedra kovových a drevených konštrukcií  |X 23795  |U V190  |Y 21  |7 A000023795 
856 4 |u http://is.stuba.sk/zp/portal_zp.pl?podrobnosti=128917 
856 4 |u https://opac.crzp.sk/?fn=detailBiblioForm&sid=CBCDB6E5622FB9C0D15D4D28BE80